Bowling's Million Dollar Earners - Statistics

General Stats
  • This quiz has been taken 50 times
  • The average score is 10 of 46
Answer Stats
Answer % Correct
Pete Weber
93%
Jason Belmonte
85%
Norm Duke
71%
Earl Anthony
66%
Walter Ray Williams
66%
Mark Williams
59%
Tommy Jones
59%
Mark Roth
56%
Chris Barnes
51%
Parker Bohn III
49%
Sean Rash
41%
Jason Couch
34%
Mika Koivuniemi
32%
Amleto Monacelli
29%
Mike Aulby
27%
Patrick Allen
27%
Wes Malott
27%
Brian Voss
22%
Wayne Webb
22%
Doug Kent
17%
John Petraglia
17%
David Ozio
10%
Del Ballard Jr.
7%
Bob Learn Jr.
5%
Dave Husted
5%
Randy Pedersen
5%
Tom Baker
5%
Bryan Goebel
2%
Chris Warren
2%
Dale Eagle
2%
Dave Ferraro
2%
Dave Soutar
2%
David Traber
2%
Eric Forkel
2%
Ernie Schlegel
2%
Eugene McCune
2%
Gary Dickinson
2%
George Pappas
2%
Hugh Miller
2%
Mike Edwards
2%
Mike Scroggins
2%
Ryan Shafer
2%
Steve Jaros
2%
Danny Wiseman
0%
Dave D'Entremont
0%
Steve Hoskins
0%
No matching quizzes found
Score Distribution
Percent of People with Each Score
Percentile by Number Answered
Your Score History
You have not taken this quiz